000 00420nam a2200181Ia 4500
001 1665
005 20260306143745.0
008 260306t2007||||xx |||||||||||||| ||spa||
041 _aESP
082 _a153.93
_bC68
100 _aClavijo Gamero, Rocío
_eAUT
245 0 _aPruebas psicotécnicas
260 _c2007
300 _a820 páginas :
_c23 cm.
650 _aGEN
654 _aCPS
942 _cLIB
_dJUS
_fJUS
_2ddc
_n
999 _c1665
_d1665